LIBRARY ONLINE CATALOGUE

Economic development / (Record no. 18338)

MARC details
000 -LEADER
fixed length control field 00778cam a22002532 4500
001 - CONTROL NUMBER
control field 0000019557
003 - CONTROL NUMBER IDENTIFIER
control field OSt
005 - DATE AND TIME OF LATEST TRANSACTION
control field 20200723103455.0
008 - FIXED-LENGTH DATA ELEMENTS--GENERAL INFORMATION
fixed length control field 110110s xx 000 0 eng d
020 ## - INTERNATIONAL STANDARD BOOK NUMBER
International Standard Book Number 1292002972
040 ## - CATALOGING SOURCE
Original cataloging agency KABU
Transcribing agency KABU
050 #0 - LIBRARY OF CONGRESS CALL NUMBER
Classification number HD82
Item number .T63 2015
100 1# - MAIN ENTRY--PERSONAL NAME
Personal name Todaro, Michael P.
245 10 - TITLE STATEMENT
Title Economic development /
Statement of responsibility, etc. Michael P. Todaro Stephen P. Smith.
250 ## - EDITION STATEMENT
Edition statement 12th ed.
260 ## - PUBLICATION, DISTRIBUTION, ETC. (IMPRINT)
Place of publication, distribution, etc. Harlow, England :
Name of publisher, distributor, etc. Pearson education Limited
Date of publication, distribution, etc. c2015
300 ## - PHYSICAL DESCRIPTION
Extent xxvii, 860 p.
650 #0 - SUBJECT ADDED ENTRY--TOPICAL TERM
Topical term or geographic name as entry element Economic development.
651 #0 - SUBJECT ADDED ENTRY--GEOGRAPHIC NAME
Geographic name Developing countries
General subdivision Economic policy.
700 1# - ADDED ENTRY--PERSONAL NAME
Personal name Smith, Stephen C.
908 ## - PUT COMMAND PARAMETER (RLIN)
Put command parameter 110110
942 ## - ADDED ENTRY ELEMENTS (KOHA)
Source of classification or shelving scheme Library of Congress Classification
Koha item type General Collection
Classification part HD82
Item part .T63 2015
Holdings
Withdrawn status Lost status Source of classification or shelving scheme Not for loan Home library Current library Date acquired Cost, normal purchase price Total Checkouts Full call number Barcode Date last seen Copy number Price effective from Koha item type
    Library of Congress Classification   Kabarak, Main Campus Kabarak, Main Campus 23/07/2020 5493.00   HD82 .T63 2015 c. 1 028876 02/08/2024 c. 1 23/07/2020 General Collection
    Library of Congress Classification   Kabarak, Main Campus Kabarak, Main Campus 23/07/2020 5493.00   HD82 .T63 2015 c. 2 028877 02/08/2024 c. 2 23/07/2020 General Collection
    Library of Congress Classification   Kabarak, Nakuru City Campus Kabarak, Nakuru City Campus 23/07/2020 5493.00   HD82 .T63 2015 c. 1 028878 23/07/2020 c. 1 23/07/2020 General Collection